ბათუმის შოთა რუსთაველის სახელმწიფო უნივერსიტეტის ბიბლიოთეკა

ღვთიური სიბრძნის მართლმადიდებლური ენციკლოპედია : (ბიბ.ჩანაწერი № 58945)

000 -ლიდერი
ფიქსირებული სიგრძის საკონტროლო ველი 01212nam a22002177a 4500
003 - საკონტროლო ნომრის იდენტიფიკატორი
საკონტროლო ველი Ge_BSU
005 - ბოლო ოპერაციის თარიღი და დრო
საკონტროლო ველი 20221021160908.0
008 - ფიქსირებული სიგრძის მონაცემთა ელემენტები - ზოგადი ინფორმაცია
ფიქსირებული სიგრძის საკონტროლო ველი 221021s2007 ge ||||| |||| 00| 0 geo d
020 ## - წიგნის საერთაშორისო სტანდარტული ნომერი
International Standard Book Number 9789994068210
041 ## - ენის კოდი
Language code of text/sound track or separate title geo
080 ## - უნივერსალური ათობითი კლასიფიკაციის ინდექსი
Universal Decimal Classification number 271.2(031) ღ-53
245 ## - ცნობა სათაურის შესახებ
Title ღვთიური სიბრძნის მართლმადიდებლური ენციკლოპედია :
Remainder of title ეკლესიის მამათა გამონათქვამები /
Statement of responsibility, etc [შემდგ. გივი კალანდაძე ; რედ. ლუიზა ბოჩკოვა-ხვიჩია].
264 ## - წარმოების, გამოცემის, დისტრიბუციის და სხვა ცნობები
გამოცემის, წარმოების, დისტრიბუციის... ადგილი თბილისი,
გამოცემის, წარმოების, დისტრიბუციის... თარიღი 2007.
300 ## - ფიზიკური აღწერა
Extent 603გვ. :
Other physical details ფოტ. ;
Dimensions 29სმ.
653 ## - INDEX TERM--UNCONTROLLED
Uncontrolled term მართლმადიდებლური ენციკლოპედია
653 ## - INDEX TERM--UNCONTROLLED
Uncontrolled term ღვთიური სიბრძნე
653 ## - INDEX TERM--UNCONTROLLED
Uncontrolled term ეკლესიის მამათა გამონათქვამები
700 ## - ADDED ENTRY--PERSONAL NAME
Personal name კალანდაძე, გივი
Relator term შემდგენელი
9 (RLIN) 8162
700 ## - ADDED ENTRY--PERSONAL NAME
Personal name ბოჩკოვა-ხვიჩია, ლუიზა
Relator term რედაქტორი
9 (RLIN) 14822
942 ## - ADDED ENTRY ELEMENTS (KOHA)
Source of classification or shelving scheme
Koha item type წიგნი
ეგზემპლარები
ჩამოწერის სტატუსი დაკარგული ეგზემპლარის სტატუსი კლასიფიკაციის წყარო ან თაროზე გაწყობის სქემა დაზიანების სტატუსი არ გაიცემა მუდმივი მდებარეობა (დაცვის ადგილი) ამჟამინდელი ადგილსამყოფელი თაროზე განთავსების ადგილი შეძენის თარიღი ღირებულება, შესყიდვის ნორმალური ფასი სრული შენახვის შიფრი შტრიხკოდი ბოლო ოპერაციის თარიღი ეგზემპლარის მიმდევრობითი ნომერი (კეტერი?) ფასის ძალაში შესვლის თარიღი ეგზემპლარის სახეობა საჯარო შენიშვნა
          ბათუმის შოთა რუსთაველის სახელმწიფო უნივერსიტეტის მთავარი ბიბლიოთეკა ბათუმის შოთა რუსთაველის სახელმწიფო უნივერსიტეტის მთავარი ბიბლიოთეკა წიგნსაცავი 2022-10-21 50.00 271.2(031) ღ-53 28735 2022-10-21 28735 2022-10-21 წიგნი 50 ლ.